Music Quiz

Random Music or Artist Quiz

#2 Hits of the '80s Quiz Stats

 Plays Quiz Updated Apr 4, 2014

Challenge
Share
Tweet
Embed
Score 0/94 Timer 10:00
0 Plays Today
Song title Artist name % Correct
U Got The LookPrince & Sheena Easton
92%
Raspberry BeretPrince & The Revolution
91.9%
Purple RainPrince & The Revolution
91.9%
CherishMadonna
91.8%
Express YourselfMadonna
91.8%
Causing A CommotionMadonna
91.8%
Material GirlMadonna
91.8%
Girls Just Want To Have FunCyndi Lauper
81%
Hazy Shade Of WinterThe Bangles
77.8%
Manic MondayThe Bangles
77.8%
The Girl Is MineMichael Jackson/ Paul McCartney
77.3%
Dancing In The DarkBruce Springsteen
75.2%
Do You Really Want To Hurt MeCulture Club
73.3%
Time (Clock Of The Heart)Culture Club
73.3%
Start Me UpThe Rolling Stones
72.9%
I Want Your SexGeorge Michael
71.8%
Let's Wait AwhileJanet Jackson
70%
Dancing On The CeilingLionel Richie
69.8%
Pour Some Sugar On MeDef Leppard
69.2%
99 LuftballonsNena
67.5%
RosannaToto
66.2%
Hurts So GoodJohn Cougar
65.9%
R.O.C.K. In The U.S.A. (A Salute To 60's Rock)John Cougar Mellencamp
65.9%
We Got The BeatGo-Go's
63.5%
Easy LoverPhilip Bailey & Phil Collins
62.9%
Danger ZoneKenny Loggins
62.4%
Simply IrresistibleRobert Palmer
62.1%
I Didn't Mean To Turn You OnRobert Palmer
62.1%
Everybody Have Fun TonightWang Chung
61.7%
Open ArmsJourney
61.5%
I Don't Wanna Go On With You Like ThatElton John
59.7%
Making Love Out Of Nothing At AllAir Supply
59.3%
Song title Artist name % Correct
All Out Of LoveAir Supply
59.3%
NotoriousDuran Duran
58.9%
Wild BoysDuran Duran
58.9%
Typical MaleTina Turner
58.3%
We Don't Need Another HeroTina Turner
58.3%
Waiting For A Girl Like YouForeigner
57.1%
Party All The TimeEddie Murphy
53.6%
Devil InsideInXS
53.2%
Electric AvenueEddy Grant
51.7%
Girl You Know It's TrueMilli Vanilli
51.6%
When The Going Gets Tough, The Tough Get GoingBilly Ocean
49%
LoverboyBilly Ocean
49%
You Belong To The CityGlenn Frey
48.4%
The Heat Is OnGlenn Frey
48.4%
Sowing The Seeds Of LoveTears For Fears
47.5%
WomanJohn Lennon
47%
What Have I Done To Deserve ThisPet Shop Boys & Dusty Springfield
45.3%
CherishKool & The Gang
42%
JoannaKool & The Gang
42%
Is This LoveWhitesnake
41.7%
Wild ThingTone Lōc
41.7%
Love On The RocksNeil Diamond
41.5%
Queen Of HeartsJuice Newton
40.8%
Ride Like The WindChristopher Cross
40.3%
Slow HandPointer Sisters
40.3%
Don't Dream It's OverCrowded House
39.2%
GloriaLaura Branigan
38.6%
Don't Know MuchLinda Ronstadt & Aaron Neville
38.3%
Somebody's Watching MeRockwell
37.9%
I Get WeakBelinda Carlisle
37.3%
Say It Isn't SoDaryl Hall & John Oates
35.4%
Don't Talk To StrangersRick Springfield
34.6%
Song title Artist name % Correct
Keep Your Hands To YourselfGeorgia Satellites
34.1%
Somewhere Out ThereLinda Ronstadt & James Ingram
33.3%
C'est La VieRobbie Nevil
31.4%
JeopardyGreg Kihn Band
31.2%
All Those Years AgoGeorge Harrison
30.2%
Love SongThe Cure
29.3%
Shame On The MoonBob Seger & The Silver Bullet Band
26.3%
Endless Summer NightsRichard Marx
25.7%
Burning HeartSurvivor
24.5%
Real LoveJody Watley
24.5%
Looking For A New LoveJody Watley
24.5%
Shattered DreamsJohnny Hates Jazz
23.5%
Being With YouSmokey Robinson
23.3%
Just The Two Of UsGrover Washington Jr. (with Bill Withers)
22%
Don't Forget Me (When I'm Gone)Glass Tiger
21.5%
LongerDan Fogelberg
21.1%
Working My Way Back To You/ Forgive Me Girl (Medley)The Spinners
20.8%
The Lover In MeSheena Easton
20.2%
All I NeedJack Wagner
20%
Soldier Of LoveDonny Osmond
19.8%
Mercedes BoyPebbles
19.7%
Don't Rush MeTaylor Dayne
19%
HeavenWarrant
17.9%
More Than I Can SayLeo Sayer
17.6%
On Our OwnBobby Brown
16.5%
Theme From 'The Greatest American Hero' (Believe It Or Not)Joey Scarbury
16.4%
Cover GirlNew Kids On The Block
15.8%
Hands To HeavenBreathe
14.8%
Friends And LoversGloria Loring & Carl Anderson
12.9%
Yes, I'm ReadyTeri DeSario with K.C.
12.8%

You're not logged in!

Compare scores with friends on all Sporcle quizzes.
OR
Log In

You Might Also Like...

Show Comments

Extras

Top Quizzes Today


Score Distribution

Your Account Isn't Verified!

In order to create a playlist on Sporcle, you need to verify the email address you used during registration. Go to your Sporcle Settings to finish the process.

Report this User

Report this user for behavior that violates our Community Guidelines.

Details: